[Event "Najdorf Memorial B"]
[Site "Warsaw POL"]
[Date "2023.07.14"]
[Round "4.17"]
[White "Sprzeczka, Emilia"]
[Black "Milczarek, Robert"]
[Result "1-0"]
[WhiteElo "1797"]
[BlackElo "1617"]

1. e4 c5 2. c3 d5 3. exd5 Qxd5 4. d4 g6 5. Nf3 Bg7 6. Nbd2 cxd4 7. Bc4 Qh5
8. cxd4 Nh6 9. O-O O-O 10. h3 Nc6 11. Ne4 Qa5 12. d5 Qb4 13. Qc2 Na5 14.
Bd3 Bf5 15. Bd2 Qb6 16. Qa4 Bxe4 17. Bxe4 Nc6 18. dxc6 bxc6 19. Rab1 Rac8
20. Be3 c5 21. b4 Qe6 22. bxc5 Nf5 23. Bxf5 Qxf5 24. Qxa7 e5 25. Qa4 e4 26.
Ng5 Rfe8 27. Rb7 Rxc5 28. Qxe8+ 1-0

[Event "Najdorf Memorial B"]
[Site "Warsaw POL"]
[Date "2023.07.14"]
[Round "4.18"]
[White "Bury, Milosz"]
[Black "Kurowski, Maciej"]
[Result "1/2-1/2"]
[WhiteElo "1785"]
[BlackElo "1589"]

1. e4 e5 2. Bc4 Nc6 3. Nc3 Nf6 4. d3 Na5 5. Nge2 Nxc4 6. dxc4 h6 7. Qd3 d6
8. Be3 Be7 9. f3 Nh5 10. O-O-O Bg5 11. g4 Bxe3+ 12. Qxe3 Nf6 13. c5 O-O 14.
h4 Ne8 15. Ng3 a5 16. g5 f5 17. exf5 hxg5 18. hxg5 Bxf5 19. Qd2 g6 20. Kb1
Qe7 21. Nge4 Bxe4 22. Nxe4 Rd8 23. Rh6 Qg7 24. Qd5+ Rf7 25. Qe6 1/2-1/2

[Event "Najdorf Memorial B"]
[Site "Warsaw POL"]
[Date "2023.07.14"]
[Round "4.19"]
[White "Mironowicz, Karol"]
[Black "Sypien, Natan"]
[Result "1-0"]
[WhiteElo "1714"]
[BlackElo "1782"]

1. e4 e6 2. d4 d5 3. Nc3 Bb4 4. e5 c5 5. a3 Bxc3+ 6. bxc3 Nc6 7. Qg4 g6 8.
Nf3 Qa5 9. Bd2 c4 10. Be2 Bd7 11. h4 h6 12. Qf4 Rh7 13. Nh2 O-O-O 14. Qf3
Rf8 15. Ng4 Qd8 16. Nf6 Nxf6 17. exf6 Qa5 18. Qf4 e5 19. dxe5 Re8 20. O-O
Nxe5 21. Rfe1 g5 22. Qh2 Rhh8 23. Be3 Qxc3 24. Bxa7 Nc6 25. Bb6 Qe5 26.
Rad1 Qxh2+ 27. Kxh2 Re4 28. Rxd5 Rhe8 29. Be3 Rxh4+ 30. Kg1 Be6 31. Rb5 Nd4
32. Rc5+ Kb8 33. Bxd4 Rxd4 34. Bxc4 Rf4 35. Bd5 Rxf6 36. Rb5 Re7 37. c4 Rd7
38. Rb6 Ka7 39. Reb1 Rf4 40. Rxb7+ Rxb7 41. Rxb7+ Ka6 42. Rb4 Bd7 43. Kf1
f6 44. Ke2 Rd4 45. Rb8 h5 46. Rd8 1-0

[Event "Najdorf Memorial B"]
[Site "Warsaw POL"]
[Date "2023.07.14"]
[Round "4.20"]
[White "Kotowicz, Kamil"]
[Black "Posuniak, Weronika"]
[Result "1-0"]
[WhiteElo "1704"]
[BlackElo "1949"]

1. e4 c5 2. Nf3 d6 3. d4 cxd4 4. Nxd4 Nf6 5. Nc3 a6 6. Bg5 e6 7. f4 Be7 8.
Qf3 Nc6 9. Nb3 e5 10. f5 b5 11. O-O-O Bb7 12. Bxf6 Bxf6 13. Qd3 Be7 14. Nd5
Rc8 15. Kb1 O-O 16. h4 Nb8 17. g4 Bxd5 18. exd5 f6 19. g5 Rc7 20. Be2 Qc8
21. Bg4 Rc4 22. Rdg1 Nd7 23. h5 e4 24. Qh3 fxg5 25. f6 Bxf6 26. Bxd7 Qc7
27. Bc6 Qe7 28. Bd7 Kh8 29. Qe6 Qd8 30. h6 g6 31. Bc6 Be5 32. Rf1 Bf4 33.
Na5 Rd4 34. Nb7 Qf6 35. Qxf6+ Rxf6 36. c3 Rd2 37. Rh3 g4 38. Re3 Rd1+ 39.
Rxd1 Bxe3 40. Re1 g3 41. Rxe3 g2 42. Rg3 Rf1+ 43. Kc2 g1=Q 44. Rxg1 Rxg1
45. Nxd6 Rg2+ 46. Kd1 e3 47. Nb7 Rxb2 48. d6 b4 49. cxb4 Rxa2 50. d7 Rd2+
51. Ke1 Kg8 52. d8=Q+ Rxd8 53. Nxd8 Kf8 54. Be4 Kg8 55. Ke2 1-0

[Event "Najdorf Memorial B"]
[Site "Warsaw POL"]
[Date "2023.07.14"]
[Round "4.21"]
[White "Kasperkiewicz, Pawel"]
[Black "Zapalowska, Wiktoria"]
[Result "1/2-1/2"]
[WhiteElo "1850"]
[BlackElo "1685"]

1. c4 e6 2. Nf3 Nf6 3. g3 d5 4. Bg2 Be7 5. d4 O-O 6. O-O h6 7. Nbd2 Nbd7 8.
b3 dxc4 9. Nxc4 c5 10. Bb2 Rb8 11. Nfe5 Nb6 12. dxc5 Bxc5 13. Qxd8 Rxd8 14.
Rfd1 Bd7 15. Nxb6 Bxb6 16. Nxd7 Nxd7 17. Rac1 Nc5 18. Rxd8+ Rxd8 19. Ba3
Nd7 20. Bxb7 Nf6 21. Rc8 Rxc8 22. Bxc8 Ne4 23. e3 Nc3 24. Bb4 Nxa2 25. Bd2
Bc5 26. Kf1 Kf8 27. Ke2 Nb4 28. Bc3 g6 29. Bb7 h5 30. Bf6 Ke8 31. Kd2 Kd7
32. Kc3 Kc7 33. Be4 Nd5+ 34. Bxd5 exd5 35. h3 Kc6 36. g4 hxg4 37. hxg4 a5
38. Kc2 1/2-1/2

[Event "Najdorf Memorial B"]
[Site "Warsaw POL"]
[Date "2023.07.15"]
[Round "5.1"]
[White "Wieckowski, Michal"]
[Black "Nesterenko, Kyrylo"]
[Result "1/2-1/2"]
[WhiteElo "1637"]
[BlackElo "1907"]

1. e4 c5 2. Nf3 e6 3. d4 cxd4 4. Nxd4 Nc6 5. Nc3 d6 6. Be3 Nf6 7. f3 Be7 8.
Qd2 h5 9. O-O-O a6 10. Be2 Bd7 11. g4 hxg4 12. f4 b5 13. a3 Rc8 14. Rdg1 b4
15. axb4 Nxb4 16. Kb1 Qa5 17. Nb3 Qc7 18. Bd1 Bc6 19. Qd4 Rb8 20. h3 e5 21.
fxe5 dxe5 22. Qc4 g3 23. Rxg3 1/2-1/2

[Event "Najdorf Memorial B"]
[Site "Warsaw POL"]
[Date "2023.07.15"]
[Round "5.2"]
[White "Grajczak, Adrian"]
[Black "Moszczenski, Milosz"]
[Result "1/2-1/2"]
[WhiteElo "1880"]
[BlackElo "1783"]

1. e4 c6 2. Nf3 d5 3. Nc3 dxe4 4. Nxe4 Nf6 5. Qe2 Nxe4 6. Qxe4 Qa5 7. b4
Qd5 8. Qe3 Qe6 9. Be2 Qxe3 10. fxe3 Bf5 11. c4 e6 12. Bb2 Bxb4 13. Bxg7 Rg8
14. Be5 Nd7 15. Bg3 Nc5 16. Kf1 Nd3 17. Rb1 O-O-O 18. Nd4 Ba5 19. Nb3 Bb6
20. Ra1 Rg7 21. Bf3 Nc5 22. Nxc5 Bxc5 23. d4 1/2-1/2

[Event "Najdorf Memorial B"]
[Site "Warsaw POL"]
[Date "2023.07.15"]
[Round "5.3"]
[White "Kaminski, Jan"]
[Black "Arciszewska, Zuzanna"]
[Result "0-1"]
[WhiteElo "1862"]
[BlackElo "1732"]

1. e4 e5 2. Nf3 Nc6 3. Bc4 Bc5 4. d3 Nf6 5. O-O d6 6. c3 a6 7. a4 h6 8.
Nbd2 O-O 9. h3 Be6 10. Re1 Ba7 11. a5 Qd7 12. Nf1 Bxc4 13. dxc4 Ne7 14. Qd3
Ng6 15. Ng3 Nf4 16. Bxf4 exf4 17. Nf5 g6 18. N5d4 Kg7 19. Rad1 Rae8 20. Nd2
Re5 21. b4 Rfe8 22. Kh2 Qe7 23. f3 Nh5 24. Rf1 Qh4 25. N2b3 Rg5 26. Rd2 Nf6
27. Ne2 Nd7 28. Nbd4 Ne5 29. Qb1 Nxc4 30. Rd3 Ne3 31. Rxe3 fxe3 32. Qd3
Rge5 33. Qxe3 Bb8 34. g3 Qe7 35. Qd2 d5 36. Nf4 dxe4 37. fxe4 c6 38. Nf3
Rxe4 39. Ng2 Qd6 40. Qxd6 Bxd6 41. Rd1 Bc7 42. Rd3 Re2 43. h4 c5 44. Kh3
Rd8 45. Rxd8 Bxd8 46. Nf4 Rc2 47. Nd5 Bf6 48. Ne1 Rxc3 49. Nxc3 Bxc3 0-1

[Event "Najdorf Memorial B"]
[Site "Warsaw POL"]
[Date "2023.07.15"]
[Round "5.4"]
[White "Celinski, Kamil"]
[Black "Kitewski, Bartosz"]
[Result "0-1"]
[WhiteElo "1820"]
[BlackElo "1971"]

1. e4 e6 2. d4 d5 3. Nc3 Nf6 4. e5 Nfd7 5. f4 c5 6. Nf3 Nc6 7. Be3 a6 8.
Be2 b5 9. Qd2 b4 10. Nd1 Be7 11. c4 cxd4 12. Nxd4 Nxd4 13. Bxd4 dxc4 14.
Ne3 Bb7 15. Nxc4 Bxg2 16. Rg1 Bd5 17. Rxg7 Rc8 18. Bh5 Rf8 19. Ne3 Nc5 20.
Kf1 Ne4 21. Qd3 Rc4 22. Rd1 Rxd4 23. Qxd4 Bc5 24. Qxe4 Bxe4 25. Rxd8+ Kxd8
26. Ke2 Bg6 27. Bxg6 hxg6 28. Rh7 Ke7 29. Nc4 Rd8 30. b3 Rd4 31. Rh8 Rxf4
32. Rc8 Bd4 33. Rc6 a5 34. Ra6 Bxe5 35. Rxa5 Bc3 36. Kd3 Rf3+ 37. Ke4 Rh3
38. Ra7+ Kf8 39. Nd6 f5+ 40. Kf4 Rxh2 41. Nb5 Bf6 42. Nc7 Re2 43. Ra8+ Kf7
44. Ra7 Be7 45. Nb5 Kf6 46. Nc7 Re4+ 47. Kf3 Bc5 48. Ne8+ Kg5 49. Ra6 Re3+
50. Kg2 Kg4 51. Nf6+ Kf4 52. Nd7 Bd4 53. Nf8 Rg3+ 54. Kh2 Kf3 55. Rc6 Rg5
56. Nxe6 Rh5# 0-1

[Event "Najdorf Memorial B"]
[Site "Warsaw POL"]
[Date "2023.07.15"]
[Round "5.5"]
[White "Sprzeczka, Emilia"]
[Black "Terkiewicz, Bruno"]
[Result "0-1"]
[WhiteElo "1797"]
[BlackElo "1922"]

1. e4 c5 2. c3 Nf6 3. e5 Nd5 4. Nf3 Nc6 5. Bc4 Nb6 6. Bb3 c4 7. Bc2 d5 8.
exd6 Qxd6 9. O-O Bg4 10. h3 Bh5 11. Re1 O-O-O 12. Na3 Qf6 13. b3 Nd5 14.
Bb2 cxb3 15. axb3 Bxf3 16. Qxf3 Qxf3 17. gxf3 Nf4 18. Kh2 Rxd2 19. Bc1
Rxf2+ 20. Kg3 Rg2+ 21. Kxf4 e5+ 22. Ke3 Bc5+ 23. Kd3 Bxa3 24. Bxa3 Rd8+ 25.
Kc4 Rxc2 26. Rad1 Rd4+ 27. Rxd4 exd4 28. Re8+ Kd7 29. Rf8 Rxc3+ 30. Kd5
Rxf3 0-1

[Event "Najdorf Memorial B"]
[Site "Warsaw POL"]
[Date "2023.07.15"]
[Round "5.6"]
[White "Bartoszewicz, Marcin"]
[Black "Kulpa, Zuzanna"]
[Result "1/2-1/2"]
[WhiteElo "1791"]
[BlackElo "1911"]

1. e4 e5 2. Nf3 Nc6 3. Bc4 Bc5 4. d3 Nf6 5. O-O d6 6. h3 h6 7. c3 O-O 8.
Re1 a6 9. Nbd2 Ba7 10. a4 Na5 11. Ba2 Be6 12. Bb1 c5 13. Bc2 Nc6 14. Nf1 b5
15. Ne3 d5 16. Qe2 Re8 17. g4 c4 18. dxc4 Bxe3 19. cxd5 Bxc1 20. Raxc1 Nxd5
21. exd5 Bxd5 22. Rcd1 Bxf3 23. Qxf3 Qc7 24. Be4 Rac8 25. Bxc6 Qxc6 26.
Qxc6 Rxc6 27. axb5 axb5 28. Rd5 b4 29. cxb4 Rb8 30. Rexe5 Rxb4 31. Rb5 Rb6
32. Rxb6 Rxb6 33. Re2 Rb3 34. h4 Rb4 35. f3 h5 36. Rg2 hxg4 37. fxg4 f5 38.
gxf5 Kf7 39. Kf1 Rxh4 40. Rf2 Rb4 41. Ke1 1/2-1/2

[Event "Najdorf Memorial B"]
[Site "Warsaw POL"]
[Date "2023.07.15"]
[Round "5.7"]
[White "Jasiulewicz, Dawid"]
[Black "Polak, Michal"]
[Result "1-0"]
[WhiteElo "1751"]
[BlackElo "1895"]

1. d4 Nf6 2. Nf3 e6 3. c4 b6 4. g3 Bb7 5. Bg2 g6 6. O-O Bg7 7. Nc3 Ne4 8.
Qc2 Nxc3 9. Qxc3 c5 10. Be3 O-O 11. Rad1 Qc7 12. Qd2 cxd4 13. Bxd4 Qxc4 14.
Bxg7 Kxg7 15. Ne5 Qa6 16. Bxb7 Qxb7 17. Qd6 Nc6 18. Nxd7 Rad8 19. b4 Qc8
20. b5 Nb8 21. Qe5+ f6 22. Nxf8 Rxd1 23. Nxe6+ Kf7 24. Ng5+ Kg8 25. Qxf6
Qd7 26. Qe5 Rxf1+ 27. Kxf1 Qb7 28. Kg1 a6 29. a4 axb5 30. axb5 Qc8 31. h4
Qf8 32. Ne4 Nd7 33. Qe6+ Qf7 34. Qxd7 1-0

[Event "Najdorf Memorial B"]
[Site "Warsaw POL"]
[Date "2023.07.15"]
[Round "5.8"]
[White "Sternik, Piotr"]
[Black "Gorniewicz, Oskar"]
[Result "1/2-1/2"]
[WhiteElo "1783"]
[BlackElo "1890"]

1. d4 Nf6 2. c4 c5 3. e3 e6 4. Nf3 Be7 5. Nc3 O-O 6. Bd3 b6 7. O-O Bb7 8.
b3 d5 9. cxd5 exd5 10. Ne5 Nc6 11. Ba3 Nxe5 12. dxe5 Ne4 13. Nxe4 dxe4 14.
Bc2 Qc7 15. Bb2 Rad8 16. Qe2 a6 17. a4 Qc6 18. Rfd1 1/2-1/2

[Event "Najdorf Memorial B"]
[Site "Warsaw POL"]
[Date "2023.07.15"]
[Round "5.9"]
[White "Suska, Szymon"]
[Black "Bury, Milosz"]
[Result "1-0"]
[WhiteElo "1876"]
[BlackElo "1785"]

1. Nf3 c5 2. b3 Nc6 3. Bb2 d5 4. e3 Nf6 5. Bb5 Bd7 6. O-O e6 7. d3 a6 8.
Bxc6 Bxc6 9. Ne5 Bd6 10. Nd2 O-O 11. Nxc6 bxc6 12. Qe2 Qe7 13. e4 e5 14.
Rae1 Nd7 15. Qf3 Qe6 16. c4 d4 17. Qf5 Rae8 18. Qxe6 Rxe6 19. g3 g6 20. Kg2
Kg7 21. h4 Bc7 22. Nf3 h6 23. Ba3 Ra8 24. Rb1 Ree8 25. h5 g5 26. g4 a5 27.
Bc1 Reb8 28. Nd2 Nf8 29. Kf3 Ne6 30. Rd1 Rb6 31. Ra1 Kf6 32. Nf1 Bd6 33.
Ke2 a4 34. bxa4 Rxa4 35. Kd2 Rba6 36. a3 Bc7 37. Kc2 Nf4 38. Ng3 Bd6 39.
Nf5 Bf8 40. Bxf4 gxf4 41. Rdb1 Ra8 42. f3 Ke6 43. Rb6 R4a6 44. Rxa6 Rxa6
45. Rb1 Rxa3 46. Rb8 Bd6 47. Rh8 f6 48. Rxh6 Bf8 49. Rh7 Ra2+ 50. Kd1 Ra1+
51. Ke2 Ra2+ 52. Ke1 Ra1+ 53. Kf2 Ra2+ 54. Ke1 Ra1+ 55. Kd2 Ra2+ 56. Kc1
Ra3 57. h6 Rxd3 58. Re7+ Bxe7 59. h7 1-0

[Event "Najdorf Memorial B"]
[Site "Warsaw POL"]
[Date "2023.07.15"]
[Round "5.10"]
[White "Bartodziej, Bartosz"]
[Black "Mironowicz, Karol"]
[Result "0-1"]
[WhiteElo "1840"]
[BlackElo "1714"]

1. e4 c5 2. Nf3 d6 3. d4 cxd4 4. Nxd4 Nf6 5. Nc3 Nc6 6. Bg5 e6 7. Qd2 a6 8.
O-O-O Bd7 9. f4 Be7 10. Nf3 b5 11. Bxf6 gxf6 12. Kb1 Qb6 13. Ne2 O-O-O 14.
Nc1 Kb8 15. Nb3 Bc8 16. c4 b4 17. Bd3 a5 18. Nc1 a4 19. Bc2 b3 20. axb3
axb3 21. Nxb3 Bd7 22. Nbd4 Nb4 23. Rhe1 Kb7 24. Bb3 Ra8 25. Nc2 Na6 26.
Nfd4 Rhb8 27. Ba2 Kc8 28. Nb5 Bxb5 29. cxb5 Qxb5 30. Nd4 Qb6 31. Rc1+ Nc5
32. Qc3 Kd7 33. Bc4 Ra5 34. Re2 f5 35. e5 d5 36. Nb3 Ra4 37. Nxc5+ Qxc5 38.
Bb3 Ra5 39. Rec2 Rba8 40. Rd2 Qa7 41. Qc6+ Kd8 42. Rc3 Bb4 43. Rg3 Ke7 44.
Rxd5 Ra1+ 45. Kc2 Qf2+ 46. Kd3 Qd2+ 47. Kc4 exd5+ 0-1

[Event "Najdorf Memorial B"]
[Site "Warsaw POL"]
[Date "2023.07.15"]
[Round "5.11"]
[White "Zareba, Piotr"]
[Black "Gbiorczyk, Mikolaj"]
[Result "0-1"]
[WhiteElo "1723"]
[BlackElo "1904"]

1. e4 c5 2. Nf3 Nc6 3. d4 cxd4 4. Nxd4 Nf6 5. Nc3 e5 6. Ndb5 d6 7. Bg5 a6
8. Na3 b5 9. Bxf6 gxf6 10. Nd5 f5 11. Bd3 Be6 12. c3 Bxd5 13. exd5 Ne7 14.
O-O Bg7 15. Qh5 e4 16. Bc2 O-O 17. Rae1 Qb6 18. Kh1 Rae8 19. Bb3 Ng6 20.
Qxf5 Re5 21. Qh3 f5 22. Qe3 Qd8 23. f4 exf3 24. Qxf3 Qh4 25. Qg3 Qh5 26.
Qf3 Qh4 27. Qg3 Qh6 28. Qf2 f4 29. Bd1 f3 30. Rxe5 fxg2+ 31. Qxg2 Rxf1+ 32.
Qxf1 Bxe5 33. Qf2 Qc1 34. Qe2 Nf4 35. Qg4+ Kh8 36. Qc8+ Kg7 37. Qg4+ Kf7
38. Qf5+ Ke8 39. Qc8+ Ke7 40. Qc7+ Kf6 41. Qd8+ Kf5 42. Qd7+ Ke4 43. Qxh7+
Ke3 44. Qc2 Qd2 45. Qxd2+ Kxd2 46. Bb3 Kc1 47. Nc2 Kxb2 48. Ne3 Kxc3 49.
Ng4 Bg7 50. Ne3 a5 51. Ng2 Nd3 52. Kg1 Nb2 53. Ne3 Bd4 54. Kf2 a4 55. Bc2
Nc4 0-1

[Event "Najdorf Memorial B"]
[Site "Warsaw POL"]
[Date "2023.07.15"]
[Round "5.12"]
[White "Haliniak, Wojciech"]
[Black "Kotowicz, Kamil"]
[Result "1-0"]
[WhiteElo "1901"]
[BlackElo "1704"]

1. e4 c5 2. d4 cxd4 3. c3 d5 4. exd5 Qxd5 5. cxd4 Nc6 6. Nf3 Bg4 7. Be2
O-O-O 8. Nc3 Qa5 9. Qb3 e6 10. O-O Qb4 11. Bf4 Nf6 12. Rfc1 Nd5 13. Nxd5
Rxd5 14. Ba6 Bxf3 15. Rxc6+ Kd8 16. Bxb7 Rxd4 17. Bg5+ f6 18. Rc8+ Kd7 19.
Qxf3 fxg5 20. Qc6+ Ke7 21. Re8+ Kf7 22. Qxe6# 1-0

[Event "Najdorf Memorial B"]
[Site "Warsaw POL"]
[Date "2023.07.15"]
[Round "5.13"]
[White "Szyszko, Jan"]
[Black "Kudlak, Julia"]
[Result "0-1"]
[WhiteElo "1759"]
[BlackElo "1899"]

1. c4 d6 2. Nf3 Nf6 3. d4 Nbd7 4. Nc3 e5 5. e4 Be7 6. Be2 O-O 7. h3 c6 8.
Be3 Qc7 9. d5 Nc5 10. Nd2 a5 11. a3 Ne8 12. b4 axb4 13. axb4 Rxa1 14. Qxa1
Na6 15. Qa3 g6 16. Bh6 Ng7 17. g4 c5 18. b5 Nb4 19. Qa4 Qd8 20. Nf1 Bg5 21.
Bxg5 Qxg5 22. Ne3 f5 23. h4 Qf4 24. exf5 gxf5 25. g5 Qd4 26. Ncd1 f4 27.
Nc2 Qe4 28. Nxb4 Qxh1+ 0-1

[Event "Najdorf Memorial B"]
[Site "Warsaw POL"]
[Date "2023.07.15"]
[Round "5.14"]
[White "Mazus, Jakub"]
[Black "Szefer, Michal"]
[Result "1/2-1/2"]
[WhiteElo "1600"]
[BlackElo "1863"]

1. e4 c5 2. Nf3 Nc6 3. d4 cxd4 4. Nxd4 g6 5. c4 Bg7 6. Be3 Nf6 7. Nc3 O-O
8. Be2 d6 9. f3 Be6 10. Qd2 Rc8 11. b3 a6 12. O-O Qc7 13. Kh1 Nd7 14. Rac1
Nde5 15. f4 Nxd4 16. Bxd4 Nc6 17. Bxg7 Kxg7 18. f5 Bd7 19. Nd5 Qd8 20. Rc3
h6 21. Rh3 Rh8 22. Nxe7 Nxe7 23. f6+ Kg8 24. fxe7 Qxe7 25. Rd3 Bc6 26. Rxd6
Qe5 27. c5 Kg7 28. Bc4 Rhf8 29. Qd4 Qxd4 30. Rxd4 Rce8 31. Bd5 f5 32. Bxc6
bxc6 33. Rd7+ Kg8 34. Rd6 fxe4 35. Rxf8+ Rxf8 36. Kg1 Rf5 37. Rxg6+ Kf7 38.
Rg4 e3 39. Re4 Rxc5 40. Rxe3 Rc2 41. a3 Kf6 42. Rh3 Kg5 43. Rf3 c5 44. h3
h5 45. Rd3 Kf4 46. Kh2 1/2-1/2

[Event "Najdorf Memorial B"]
[Site "Warsaw POL"]
[Date "2023.07.15"]
[Round "5.15"]
[White "Stefaniuk, Zbigniew"]
[Black "Lukasiewicz, Anna"]
[Result "1-0"]
[WhiteElo "1721"]
[BlackElo "1839"]

1. e4 e5 2. Nf3 Nc6 3. Nc3 Nf6 4. Bb5 Bc5 5. Nxe5 Nxe5 6. d4 Bd6 7. dxe5
Bxe5 8. Bg5 c6 9. Bd3 h6 10. Bd2 Qc7 11. h3 O-O 12. O-O d6 13. f4 Bd4+ 14.
Kh1 b5 15. a3 Be6 16. Qf3 Rae8 17. Rae1 Bc4 18. b3 Bxd3 19. Qxd3 Bb6 20.
Bc1 a5 21. Bb2 Qe7 22. e5 dxe5 23. fxe5 Nd7 24. Ne4 Nxe5 25. Bxe5 Qxe5 26.
Nf6+ Qxf6 27. Rxe8 Qxf1+ 28. Qxf1 Rxe8 29. g4 Bc5 30. a4 bxa4 31. bxa4 Re4
32. Qf5 Re1+ 33. Kg2 Bf8 34. Qxa5 Re2+ 35. Kf3 Rxc2 36. Qa8 c5 37. a5 c4
38. a6 c3 39. a7 Ra2 40. Ke3 c2 41. Kd2 g6 42. Qb8 Kg7 43. a8=Q Bb4+ 44.
Kc1 Ba3+ 45. Qxa3 Rxa3 46. Qb2+ 1-0

[Event "Najdorf Memorial B"]
[Site "Warsaw POL"]
[Date "2023.07.15"]
[Round "5.16"]
[White "Zeissel, Andrzej"]
[Black "Olszewski, Antoni"]
[Result "1/2-1/2"]
[WhiteElo "1813"]
[BlackElo "1681"]

1. e4 e5 2. Nf3 Nc6 3. d4 exd4 4. Nxd4 Bc5 5. Nb3 Bb6 6. Nc3 d6 7. Qe2 Nf6
8. Be3 Bxe3 9. Qxe3 Be6 10. O-O-O O-O 11. f3 a5 12. Nd4 Nxd4 13. Qxd4 a4
14. a3 Qe7 15. e5 dxe5 16. Qxe5 c6 17. Bc4 Rfe8 18. Rhe1 Nd7 19. Qd6 Qxd6
20. Rxd6 Bxc4 21. Rxe8+ Rxe8 22. Rxd7 b5 23. Kd2 f5 24. f4 Re6 25. Rd4 Rh6
26. h3 Rg6 27. g4 Rh6 28. gxf5 Rxh3 29. Nxa4 Rh2+ 30. Kc3 Rh5 31. Nb6 Bf1
32. Nc8 Kf7 33. Rd7+ Kf8 34. Rd8+ Kf7 35. Rd7+ Kf8 36. Nd6 Bg2 37. Rf7+ Kg8
38. Rc7 h6 39. b3 Rh3+ 40. Kb4 Rh4 41. a4 Rxf4+ 42. Kc3 bxa4 43. bxa4 Rxa4
44. Rc8+ Kh7 45. Nf7 g5 46. Rc7 Kg7 47. Nxg5+ Kf6 48. Nf7 Kxf5 49. Nxh6+
Ke6 50. Rg7 Bd5 51. Rg6+ Ke5 52. Ng8 Bxg8 53. Rxg8 1/2-1/2

[Event "Najdorf Memorial B"]
[Site "Warsaw POL"]
[Date "2023.07.15"]
[Round "5.17"]
[White "Piotrowski, Daniel"]
[Black "Dropia, Rafal"]
[Result "0-1"]
[WhiteElo "1768"]
[BlackElo "1585"]

1. e4 c5 2. Nf3 a6 3. Nc3 Nc6 4. d4 cxd4 5. Nxd4 e5 6. Nf5 d6 7. Ne3 Nf6 8.
Ned5 Nxd5 9. Nxd5 Be6 10. Be3 Bxd5 11. Qxd5 Qa5+ 12. Qxa5 Nxa5 13. Bb6 Nc6
14. O-O-O Rc8 15. g3 Nb8 16. Ba5 Nd7 17. Bh3 Rc6 18. Rd3 Nc5 19. Re3 Be7
20. Kb1 Ne6 21. Bxe6 fxe6 22. Rd1 O-O 23. f3 Rfc8 24. Rc3 Kf7 25. Rdd3 Rxc3
26. Bxc3 Rc6 27. Bb4 g6 28. b3 b6 29. a4 Ke8 30. Kb2 Kd7 31. Bc3 Ke8 32.
Bb4 Kd7 33. c4 a5 34. Bc3 Kc8 35. Rd1 Kb7 36. Kc2 Rc8 37. Kd3 Kc6 38. Bb2
Rf8 39. Ke2 Bg5 40. Ba3 Rd8 41. Bb2 Rf8 42. Rd3 Rf7 43. Bc3 Bh6 44. Be1 Rd7
45. Bf2 Rf7 46. Rd1 Bg5 47. Bg1 Bh6 48. Rb1 Rd7 49. Rb2 Rf7 50. Rc2 Rf8 51.
Rc3 Rf7 52. Rd3 Rd7 53. Bf2 Bc1 54. Rd1 Bh6 55. h4 Rb7 56. h5 g5 57. Be3
Rd7 58. Rb1 Rf7 59. Rb2 Rd7 60. Kf2 Rg7 61. Kg2 Rg8 62. Kh3 g4+ 63. fxg4
Bxe3 64. Re2 Bg5 65. Rf2 Rg7 66. Rf8 h6 67. Re8 Re7 68. Rc8+ Kb7 69. Rd8
Kc7 70. Rf8 Kc6 71. Rc8+ Rc7 72. Re8 Kc5 73. Rxe6 Rd7 74. Re8 Rd8 75. Re6
Kb4 76. Rg6 Kxb3 77. Rg7 Kxa4 78. Rb7 Be3 79. Kg2 Rf8 80. Rd7 Rf6 81. Rc7
Kb3 0-1

[Event "Najdorf Memorial B"]
[Site "Warsaw POL"]
[Date "2023.07.15"]
[Round "5.18"]
[White "Mazur, Maciej"]
[Black "Pires, Emanuel Joao Robarts"]
[Result "1/2-1/2"]
[WhiteElo "1758"]
[BlackElo "1994"]

1. e4 d6 2. d4 Nf6 3. Nc3 g6 4. Be3 c6 5. Qd2 b5 6. Bd3 Nbd7 7. Nf3 e5 8.
O-O Bg7 9. dxe5 dxe5 10. a4 b4 11. Nd1 a5 12. b3 O-O 13. Nb2 Qe7 14. Qe2
Nc5 15. Nd2 Ng4 16. Rad1 Nxe3 17. Qxe3 Ne6 18. Bc4 Nd4 19. c3 bxc3 20. Qxc3
Kh8 21. Kh1 f5 22. f3 Qh4 23. Qe3 Rb8 24. Nd3 f4 25. Qf2 Qe7 26. Rb1 Rd8
27. Rfc1 Bf8 28. Ne1 Qf6 29. Nc2 Bc5 30. Nxd4 Bxd4 31. Qe2 Qd6 32. Rc2 Qb4
33. Bd3 Bd7 34. Bc4 Be3 35. Nf1 Bd4 36. Qd2 Qb6 37. Qe1 Qc5 38. Rd1 Rb4 39.
Qh4 Qf8 40. Rcd2 c5 41. Ra2 h6 42. Bd5 Kg7 43. Qe1 Qf6 44. Qe2 Bc8 45. Bc4
Bb7 46. Nd2 g5 47. Nb1 h5 48. Na3 Bc8 49. Nc2 Rb7 50. Nxd4 cxd4 51. Rc2 Rc7
52. Rdc1 Bd7 53. Bb5 Rxc2 54. Rxc2 Qb6 55. h3 Bxb5 56. Qxb5 Qxb5 57. axb5
d3 58. Rd2 Kf6 59. b6 Rb8 60. Rxd3 Rxb6 61. Rd5 g4 62. hxg4 hxg4 63. Rxa5
Rxb3 64. fxg4 Rb4 65. g5+ Ke6 66. g6 Rxe4 67. Ra6+ Ke7 68. g7 Kf7 69. Rg6
Kg8 70. Kg1 Re2 71. Kf1 Rb2 72. Rg5 Rb5 73. Kf2 Ra5 74. Rg4 Ra7 75. Rg5 Ra5
76. Rg4 Ra7 77. Rg5 Re7 78. Ke2 e4 79. Rg4 Rf7 80. Kf2 Rf6 81. Ke2 Rf7 82.
Kf2 f3 83. gxf3 Rxf3+ 84. Ke2 Rh3 85. Rxe4 Kxg7 1/2-1/2

[Event "Najdorf Memorial B"]
[Site "Warsaw POL"]
[Date "2023.07.15"]
[Round "5.19"]
[White "Choroszej, Aleksander"]
[Black "Mazurek, Jerzy"]
[Result "1/2-1/2"]
[WhiteElo "1958"]
[BlackElo "1738"]

1. d4 Nf6 2. c4 e6 3. Nc3 d5 4. Nf3 Be7 5. Bf4 O-O 6. e3 c5 7. dxc5 Bxc5 8.
Be2 Nc6 9. cxd5 Nxd5 10. Nxd5 exd5 11. O-O d4 12. Qc2 Qa5 13. a3 Bb6 14. b4
Qf5 15. Bd3 Qh5 16. b5 Ne7 17. Bd6 Re8 18. Bxe7 Rxe7 19. Nxd4 Bxd4 20. exd4
Be6 21. Rac1 Rd8 22. Rfe1 Red7 23. Be2 Qh4 24. Bf3 g6 25. Rcd1 b6 26. d5
Bxd5 27. Bxd5 Rxd5 28. Rxd5 Rxd5 29. Qc8+ Kg7 30. g3 Qf6 31. Qe8 Rd2 32.
Re2 Rxe2 33. Qxe2 Qa1+ 34. Kg2 Qxa3 35. Qe5+ Kg8 36. Qb8+ Kg7 37. Qe5+ Kg8
1/2-1/2

[Event "Najdorf Memorial B"]
[Site "Warsaw POL"]
[Date "2023.07.15"]
[Round "5.20"]
[White "Borkowski, Adam"]
[Black "Ryszkiewicz, Adam"]
[Result "0-1"]
[WhiteElo "1717"]
[BlackElo "1953"]

1. d4 Nf6 2. c4 e6 3. Nf3 Bb4+ 4. Bd2 Be7 5. Nc3 d5 6. Bg5 Nbd7 7. e3 O-O
8. Rc1 c6 9. Bd3 dxc4 10. Bxc4 Nd5 11. Bxe7 Qxe7 12. Ne4 f5 13. Nc3 Kh8 14.
O-O g5 15. Ne5 Nxe5 16. dxe5 f4 17. Bxd5 exd5 18. e4 dxe4 19. Nxe4 Qxe5 20.
Re1 Qg7 21. Rc5 Bf5 22. Nd6 Bg6 23. Qg4 Qd4 24. Nxb7 Rab8 25. Rd1 Qb4 26.
a3 Qxb7 27. Rd7 Qxb2 28. Rxc6 Bf5 0-1

[Event "Najdorf Memorial B"]
[Site "Warsaw POL"]
[Date "2023.07.15"]
[Round "5.21"]
[White "Goral, Jan"]
[Black "Poziomkowski, Szymon"]
[Result "0-1"]
[WhiteElo "1714"]
[BlackElo "1880"]

1. Nf3 d5 2. d4 Nf6 3. g3 Bg4 4. Bg2 e6 5. O-O Bd6 6. c4 c6 7. Nbd2 Nbd7 8.
Qc2 Bf5 9. Qb3 Qc7 10. Nh4 Bg4 11. Re1 O-O 12. e4 dxe4 13. Nxe4 Nxe4 14.
Rxe4 Nf6 15. Re1 b6 16. Bg5 Nd7 17. Qa4 h6 18. Bd2 c5 19. d5 g5 20. Nf3 e5
21. Bc3 Rae8 22. h3 Bh5 23. g4 Bg6 24. Rad1 f5 25. Qc6 fxg4 26. hxg4 e4 27.
Nd2 Rf4 28. Qxc7 Bxc7 29. f3 e3 30. Ne4 Bxe4 31. fxe4 Be5 32. Rxe3 Rxg4 33.
Bxe5 Nxe5 34. b3 Kf7 35. Rf1+ Rf4 36. Rh3 Rxf1+ 37. Bxf1 Kg6 38. Be2 g4 39.
Rh2 Rf8 40. Rg2 Kg5 41. Bd1 h5 42. a4 a5 43. d6 h4 44. Rd2 h3 45. Rd5 Kf4
46. d7 Rd8 47. Bc2 g3 48. Kf1 Rxd7 49. Rxd7 Nxd7 50. Kg1 Ne5 51. Kf1 g2+
52. Kf2 Ng4+ 53. Kg1 Kg3 0-1

[Event "Najdorf Memorial B"]
[Site "Warsaw POL"]
[Date "2023.07.16"]
[Round "6.1"]
[White "Arciszewska, Zuzanna"]
[Black "Wieckowski, Michal"]
[Result "1/2-1/2"]
[WhiteElo "1732"]
[BlackElo "1637"]

1. d4 c5 2. d5 g6 3. c4 Bg7 4. Nc3 Nf6 5. e4 d6 6. h3 O-O 7. Nf3 e6 8. Be2
a6 9. a4 exd5 10. cxd5 Nbd7 11. O-O Rb8 12. Qc2 Ne8 13. Bf4 Qe7 14. Nd2 g5
15. Be3 Ne5 16. f4 gxf4 17. Bxf4 f5 18. Rae1 Qh4 19. Bh2 f4 20. Nf3 Nxf3+
21. Bxf3 Nf6 22. Ne2 Nd7 23. Bg4 Ne5 24. Bxc8 Rbxc8 25. Bxf4 c4 26. Qd2 Nd3
27. Rb1 Rce8 1/2-1/2

[Event "Najdorf Memorial B"]
[Site "Warsaw POL"]
[Date "2023.07.16"]
[Round "6.2"]
[White "Kitewski, Bartosz"]
[Black "Moszczenski, Milosz"]
[Result "1-0"]
[WhiteElo "1971"]
[BlackElo "1783"]

1. c4 c6 2. d4 d5 3. Nc3 Nf6 4. Nf3 e6 5. e3 Nbd7 6. Qc2 Bd6 7. b3 O-O 8.
Bd3 b6 9. O-O Bb7 10. Bb2 Qe7 11. Rfe1 Rfe8 12. e4 dxc4 13. bxc4 e5 14. d5
Bb4 15. Re3 Bc5 16. Re2 Nh5 17. Bc1 Nf8 18. Bg5 Qd7 19. Ree1 f6 20. Be3 Bb4
21. Nh4 g6 22. g3 Ng7 23. Red1 g5 24. Ng2 Bxc3 25. Qxc3 c5 26. Kh1 Re7 27.
f4 h6 28. Rf1 Qd6 29. Rf2 Rae8 30. Raf1 Nh7 31. Qc1 Bc8 32. h4 Nh5 33. Kh2
Qd7 34. f5 Ng7 35. Bd2 Kf7 36. Ne3 Rh8 37. Ng4 Nf8 38. Nxf6 Kxf6 39. Bxg5+
hxg5 40. Qxg5+ Kf7 41. f6 Qh3+ 42. Kg1 Ng6 43. fxe7+ Nf4 44. Rxf4+ exf4 45.
Rxf4+ Nf5 46. exf5 Rg8 47. Qxg8+ Kxg8 48. e8=Q+ 1-0